00674nam a2200217 i 4500003000400000005001700004008004100021020003900062040002500101082001700126100002600143245005600169264005500225300002300280336002100303337002500324338002300349650002000372650003100392710003300423OSt20260204095930.0260204s2025 my gr 000 f may d a9789670082479cRM 32.00qpaperback aPPAKbengcPPAKerda04223a899.23330 aMisscatzie, eauthor.10aKHAFIFAH /cMISSCATZIE ; Editor: Team Editorial AHA 1aPuncak Alam, Selangor : bAHA PUBLICATION,c[2025] a431 pages ;c18 cm atext2rdacontent aunmediated2rdamedia avolume2rdacarrier10aMalay fiction 24aMalaysian fiction (Malay) 2 aTeam Editorial AHA,eeditor.